000 00627nam a2200253Ia 4500
003 OSt
005 20221006144055.0
006 a|||||r|||| 00| 0
007 ta
008 221006b |||||||| |||| 00| 0 eng d
020 _c283.50
024 _a10,810
037 _cTextual
040 _aEASL
_cEASL
_beng
041 _2eng
_aeng
082 _aW81.564.N53, L9
100 _aMULHERN Francis
245 0 _aMoment of 'Scrutiny'
260 _aLondon
_bNLB
_c1979
300 _a354p.
_ccm.
490 _v Oth
942 _hW81.564.N53, L9
_cTEXL
_2CC
999 _c1078896
_d1078896